Metalické spotřebitelské obaly

Kovy - významný obalový materiál na výrobu veľkoobjemových prepravných obalov ako aj spotrebiteľských obalov. Hlavné výhody kovových obalov a ich nevýhoda. Využívanie ocelových a hliníkových plechov na výrobu spotrebiteľských obalov. Inovácie a súčasné typy metalických obalov. Konzervárenské plechov...

Descrizione completa

Salvato in:
Dettagli Bibliografici
Autore principale: Vítek, Miloslav
Natura: Capitolo di libro
Lingua:ceco
Soggetti:
Tags: Aggiungi Tag
Nessun Tag, puoi essere il primo ad aggiungerne!!

MARC

LEADER 00000naa$a2200000$$$4500
001 0093622
005 20231129094948.1
041 0 |a cze 
044 |a CZ 
245 1 0 |a Metalické spotřebitelské obaly  |c Miloslav Vítek 
520 |a Kovy - významný obalový materiál na výrobu veľkoobjemových prepravných obalov ako aj spotrebiteľských obalov. Hlavné výhody kovových obalov a ich nevýhoda. Využívanie ocelových a hliníkových plechov na výrobu spotrebiteľských obalov. Inovácie a súčasné typy metalických obalov. Konzervárenské plechovky. Uzávery a otváranie plechoviek. Dekoratívne plechové obaly. 
610 2 0 |a obaly 
610 2 0 |a technika obalová 
610 2 0 |a kovy 
610 2 0 |a hliník 
610 2 0 |a konzervovanie potravín 
100 1 |a Vítek, Miloslav